The practice of the presence of God. (Record no. 13666)

000 -LEADER
fixed length control field 00807nam a2200205 a 4500
001 - CONTROL NUMBER
control field :::00011489$&:&@@
003 - CONTROL NUMBER IDENTIFIER
control field OkBaRHE
005 - DATE AND TIME OF LATEST TRANSACTION
control field 20000607103409.0
008 - FIXED-LENGTH DATA ELEMENTS--GENERAL INFORMATION
fixed length control field s1982 j 000 0 eng u
040 ## - CATALOGING SOURCE
Transcribing agency
100 1# - MAIN ENTRY--PERSONAL NAME
Personal name Lawrence, 1611-1691.
245 14 - TITLE STATEMENT
Title The practice of the presence of God.
Statement of responsibility, etc Based on the conversations, letters, ways, and spiritual principles of Brother Lawrence, as well as on the writings of Joseph De Beaufort. Translated by E. M. Blaiklock.
260 ## - PUBLICATION, DISTRIBUTION, ETC. (IMPRINT)
Place of publication, distribution, etc Nashville, TN., :
Name of publisher, distributor, etc Thomas Nelson, Inc.
Date of publication, distribution, etc 1982
300 ## - PHYSICAL DESCRIPTION
Extent 93 p. ;
Dimensions 22 cm.
650 ## - SUBJECT ADDED ENTRY--TOPICAL TERM
Topical term or geographic name as entry element Christian Life
General subdivision Catholic Authors
700 ## - ADDED ENTRY--PERSONAL NAME
Personal name Blaiklock, E. M.
700 ## - ADDED ENTRY--PERSONAL NAME
Personal name De Beaufort, Joseph.
942 ## - ADDED ENTRY ELEMENTS (KOHA)
Source of classification or shelving scheme
Koha item type Books
Copies
Koha item type Source of classification or shelving scheme Damaged status Date last seen Withdrawn status Full call number Date checked out Shelving location Permanent Location Current Location Date acquired Barcode Copy number Lost status Not for loan Price effective from Total Checkouts
Books  2012-01-04 BX 2349 .L392011-12-07General StacksRHEMA Bible Training CollegeRHEMA Bible Training College2010-04-14114891  2010-04-141